ARBITRATION AND ADR (Record no. 9702)

MARC details
000 -LEADER
fixed length control field 00336nam a22001577a 4500
003 - CONTROL NUMBER IDENTIFIER
control field SGT
020 ## - INTERNATIONAL STANDARD BOOK NUMBER
International Standard Book Number 9789350355060
082 ## - DEWEY DECIMAL CLASSIFICATION NUMBER
Classification number 347.90954,BAN
100 ## - MAIN ENTRY--PERSONAL NAME
Personal name BANSAL,A.K
245 ## - TITLE STATEMENT
Title ARBITRATION AND ADR
250 ## - EDITION STATEMENT
Edition statement 4TH
260 ## - PUBLICATION, DISTRIBUTION, ETC. (IMPRINT)
Place of publication, distribution, etc NEW DELHI
Name of publisher, distributor, etc UNIVERSAL BOOKS
Year of Publication 128
300 ## - PAGE DESCRIPTION
No. of Pages 128
650 ## - SUBJECT ADDED ENTRY--TOPICAL TERM
Topical term or geographic name as entry element ARBITRATION
942 ## - ADDED ENTRY ELEMENTS (KOHA)
Source of classification or shelving scheme Dewey Decimal Classification
Koha item type Books
942 ## - ADDED ENTRY ELEMENTS (KOHA)
-- 21
Holdings
Withdrawn status Lost status Source of classification or shelving scheme Damaged status Not for loan Collection code Home library Current library Shelving location Date acquired Vendor Name Cost, normal purchase price SGTU Bill Number Full call number Accession No. (Barcode) Date last seen Bill Date Koha item type Total Checkouts Date last borrowed
    Dewey Decimal Classification   Not For Loan LAW SGT Science & Social Sciences Library SGT Science & Social Sciences Library Reference Book 27/07/2016 JUPITER LAW BOOK COMPANY 150.00 SGTU 856 347.90954,BAN FL312 27/07/2016 31/10/2014 Books    
    Dewey Decimal Classification     LAW SGT Science & Social Sciences Library SGT Science & Social Sciences Library Text Book 27/07/2016 JUPITER LAW BOOK COMPANY 150.00 SGTU 856 347.90954,BAN FL313 24/03/2026 31/10/2014 Books 34 19/03/2026